[Event "TICF"]
[Site "FAMALICAO"]
[Date "2023.07.29"]
[Round "8.1"]
[White "MARTINEZ DUANY, Lelys"]
[Black "SRINATH, Rao"]
[Result "1/2-1/2"]
[BlackElo "2287"]
[WhiteElo "2490"]
[LiveChessVersion "1.4.8"]

1. e4 {[%clk 1:30:55]} e6 {[%clk 1:30:43]} 2. d4 {[%clk 1:31:12]} d5
{[%clk 1:31:08]} 3. Nc3 {[%clk 1:31:37]} Nf6 {[%clk 1:31:33]} 4. e5
{[%clk 1:31:45]} Nfd7 {[%clk 1:31:58]} 5. f4 {[%clk 1:32:08]} c5 {[%clk 1:32:25]}
6. Nf3 {[%clk 1:32:07]} Nc6 {[%clk 1:32:49]} 7. Be3 {[%clk 1:32:32]} Be7
{[%clk 1:32:02]} 8. Qd2 {[%clk 1:31:40]} O-O {[%clk 1:32:18]} 9. Be2
{[%clk 1:28:57]} b6 {[%clk 1:31:02]} 10. h4 {[%clk 1:27:33]} f6 {[%clk 1:30:18]}
11. exf6 {[%clk 1:25:29]} Nxf6 {[%clk 1:29:46]} 12. O-O-O {[%clk 1:24:05]} c4
{[%clk 1:28:41]} 13. Ne5 {[%clk 1:23:58]} Bb7 {[%clk 1:27:48]} 14. g4
{[%clk 1:16:22]} b5 {[%clk 1:26:03]} 15. g5 {[%clk 1:16:22]} b4 {[%clk 1:26:29]}
16. gxf6 {[%clk 1:15:53]} bxc3 {[%clk 1:26:52]} 17. Qxc3 {[%clk 1:16:14]} Rxf6
{[%clk 1:26:01]} 18. Rhg1 {[%clk 1:12:05]} a5 {[%clk 1:22:11]} 19. Bd2
{[%clk 1:11:41]} Bb4 {[%clk 1:06:41]} 20. Qg3 {[%clk 1:11:33]} Bxd2+
{[%clk 1:07:01]} 21. Rxd2 {[%clk 1:11:45]} Qc7 {[%clk 1:01:51]} 22. c3
{[%clk 0:58:29]} Raf8 {[%clk 1:00:22]} 23. Bg4 {[%clk 0:56:28]} Nxe5
{[%clk 0:46:23]} 24. fxe5 {[%clk 0:56:17]} Rf1+ {[%clk 0:43:47]} 25. Rd1
{[%clk 0:53:37]} Rxd1+ {[%clk 0:43:20]} 26. Bxd1 {[%clk 0:51:29]} Qf7
{[%clk 0:37:40]} 27. Kb1 {[%clk 0:50:56]} Kh8 {[%clk 0:36:45]} 28. Bc2
{[%clk 0:49:38]} Bc6 {[%clk 0:31:09]} 29. Ka1 {[%clk 0:45:31]} 1/2-1/2

[Event "TICF"]
[Site "FAMALICAO"]
[Date "2023.07.29"]
[Round "8.2"]
[White "PINHO, Paulo"]
[Black "PETKOV, Vladimir"]
[Result "1/2-1/2"]
[BlackElo "2464"]
[WhiteElo "2162"]
[LiveChessVersion "1.4.8"]

1. d4 {[%clk 1:30:29]} Nf6 {[%clk 1:30:29]} 2. c4 {[%clk 1:30:38]} Nc6
{[%clk 1:29:54]} 3. Nf3 {[%clk 1:30:53]} e6 {[%clk 1:30:07]} 4. a3
{[%clk 1:30:29]} d6 {[%clk 1:29:41]} 5. Nc3 {[%clk 1:29:36]} g6 {[%clk 1:29:40]}
6. e4 {[%clk 1:29:34]} Bg7 {[%clk 1:29:51]} 7. Bg5 {[%clk 1:29:02]} h6
{[%clk 1:29:48]} 8. Be3 {[%clk 1:29:26]} Ng4 {[%clk 1:25:07]} 9. Bc1
{[%clk 1:29:44]} e5 {[%clk 1:24:31]} 10. d5 {[%clk 1:29:47]} Nd4 {[%clk 1:23:54]}
11. h3 {[%clk 1:30:07]} Nxf3+ {[%clk 1:23:35]} 12. Qxf3 {[%clk 1:30:28]} Nf6
{[%clk 1:23:55]} 13. Bd3 {[%clk 1:25:40]} Nd7 {[%clk 1:15:26]} 14. Bc2
{[%clk 1:22:48]} Bf6 {[%clk 1:14:53]} 15. h4 {[%clk 1:09:01]} Bxh4
{[%clk 1:03:51]} 16. Qg4 {[%clk 1:01:23]} Bf6 {[%clk 1:01:32]} 17. Rxh6
{[%clk 1:01:18]} Rxh6 {[%clk 1:01:04]} 18. Bxh6 {[%clk 1:01:42]} Nb6
{[%clk 1:00:30]} 19. Qe2 {[%clk 1:01:17]} Bg5 {[%clk 0:58:57]} 20. Bxg5
{[%clk 1:01:04]} Qxg5 {[%clk 0:59:20]} 21. Nb5 {[%clk 0:57:11]} Kd8
{[%clk 0:55:03]} 22. Qf3 {[%clk 0:53:13]} f6 {[%clk 0:48:42]} 23. b3
{[%clk 0:51:20]} a6 {[%clk 0:47:49]} 24. Nc3 {[%clk 0:51:38]} Ke7
{[%clk 0:46:28]} 25. g3 {[%clk 0:51:07]} Bh3 {[%clk 0:35:59]} 26. Nd1
{[%clk 0:47:08]} Rh8 {[%clk 0:31:43]} 27. Ne3 {[%clk 0:46:06]} Bd7
{[%clk 0:29:28]} 28. Kd2 {[%clk 0:43:10]} Rh2 {[%clk 0:24:29]} 29. Rg1
{[%clk 0:40:46]} Kf7 {[%clk 0:19:58]} 30. Kc3 {[%clk 0:29:54]} Kg7
{[%clk 0:19:11]} 31. Rh1 {[%clk 0:22:25]} Rxh1 {[%clk 0:15:20]} 32. Qxh1
{[%clk 0:22:48]} Nc8 {[%clk 0:15:23]} 33. Qh2 {[%clk 0:14:17]} f5
{[%clk 0:09:18]} 34. exf5 {[%clk 0:11:33]} gxf5 {[%clk 0:09:16]} 35. g4
{[%clk 0:11:44]} 1/2-1/2

[Event "TICF"]
[Site "FAMALICAO"]
[Date "2023.07.29"]
[Round "8.3"]
[White "KHAMRAKULOV, Ibragim"]
[Black "COSMAN, Andreea-Marioara"]
[Result "1-0"]
[BlackElo "2143"]
[WhiteElo "2413"]
[LiveChessVersion "1.4.8"]

1. e4 {[%clk 1:30:58]} c5 {[%clk 1:30:36]} 2. c3 {[%clk 1:28:25]} d5
{[%clk 1:30:57]} 3. exd5 {[%clk 1:28:49]} Qxd5 {[%clk 1:31:23]} 4. d4
{[%clk 1:29:15]} Nc6 {[%clk 1:31:47]} 5. dxc5 {[%clk 1:28:08]} Qxd1+
{[%clk 1:27:29]} 6. Kxd1 {[%clk 1:25:19]} e5 {[%clk 1:27:48]} 7. Be3
{[%clk 1:25:28]} Nf6 {[%clk 1:27:02]} 8. f3 {[%clk 1:25:41]} Be6 {[%clk 1:22:34]}
9. Nd2 {[%clk 1:16:34]} Nd7 {[%clk 1:18:03]} 10. Ne4 {[%clk 1:04:26]} f5
{[%clk 1:11:37]} 11. Nd6+ {[%clk 0:59:08]} Bxd6 {[%clk 1:11:59]} 12. cxd6
{[%clk 0:59:32]} Nb6 {[%clk 1:12:10]} 13. Kc2 {[%clk 0:49:01]} O-O
{[%clk 1:03:37]} 14. Nh3 {[%clk 0:44:36]} h6 {[%clk 1:02:14]} 15. Bb5
{[%clk 0:39:16]} Rac8 {[%clk 0:56:28]} 16. Rhe1 {[%clk 0:36:52]} Rfd8
{[%clk 0:52:35]} 17. Rad1 {[%clk 0:18:24]} Nd5 {[%clk 0:41:46]} 18. Bc5
{[%clk 0:16:36]} b6 {[%clk 0:36:48]} 19. Bxc6 {[%clk 0:14:55]} Rxc6
{[%clk 0:37:11]} 20. Rxe5 {[%clk 0:15:03]} Rxc5 {[%clk 0:36:05]} 21. Rxe6
{[%clk 0:15:25]} f4 {[%clk 0:36:22]} 22. Kb1 {[%clk 0:14:45]} Kf7
{[%clk 0:34:27]} 23. Re4 {[%clk 0:14:58]} g5 {[%clk 0:34:23]} 24. Nf2
{[%clk 0:14:56]} Ne3 {[%clk 0:33:07]} 25. Rd3 {[%clk 0:13:50]} Rd7
{[%clk 0:27:36]} 26. g3 {[%clk 0:13:05]} fxg3 {[%clk 0:27:56]} 27. hxg3
{[%clk 0:13:31]} Nf5 {[%clk 0:28:16]} 28. Ng4 {[%clk 0:13:10]} Rxd6
{[%clk 0:28:31]} 29. Rxd6 {[%clk 0:13:33]} Nxd6 {[%clk 0:28:55]} 30. Nxh6+
{[%clk 0:13:53]} Kg7 {[%clk 0:25:10]} 31. Re7+ {[%clk 0:12:33]} Kxh6
{[%clk 0:25:36]} 32. Re6+ {[%clk 0:12:57]} Kh5 {[%clk 0:26:02]} 33. Rxd6
{[%clk 0:13:19]} Re5 {[%clk 0:26:21]} 34. f4 {[%clk 0:12:34]} gxf4
{[%clk 0:23:40]} 35. gxf4 {[%clk 0:12:57]} Re2 {[%clk 0:23:22]} 36. Rd7
{[%clk 0:12:55]} a5 {[%clk 0:23:29]} 37. Rd6 1-0

[Event "TICF"]
[Site "FAMALICAO"]
[Date "2023.07.29"]
[Round "8.4"]
[White "RIBEIRO, Fernando"]
[Black "RODRIGUEZ LOPEZ, Rafael"]
[Result "1-0"]
[BlackElo "2182"]
[WhiteElo "2119"]
[LiveChessVersion "1.4.8"]

1. e4 {[%clk 1:30:52]} e5 {[%clk 1:30:53]} 2. Nf3 {[%clk 1:29:23]} Nc6
{[%clk 1:31:18]} 3. Nc3 {[%clk 1:27:32]} Nf6 {[%clk 1:31:41]} 4. g3
{[%clk 1:27:23]} Bc5 {[%clk 1:31:59]} 5. Bg2 {[%clk 1:27:40]} d6 {[%clk 1:32:24]}
6. O-O {[%clk 1:27:59]} a6 {[%clk 1:32:34]} 7. d3 {[%clk 1:27:33]} h6
{[%clk 1:32:53]} 8. Be3 {[%clk 1:25:52]} Bxe3 {[%clk 1:31:44]} 9. fxe3
{[%clk 1:26:20]} Ne7 {[%clk 1:31:42]} 10. Nh4 {[%clk 1:26:15]} Be6
{[%clk 1:30:47]} 11. Nf5 {[%clk 1:26:10]} Bxf5 {[%clk 1:30:49]} 12. exf5
{[%clk 1:26:31]} d5 {[%clk 1:31:08]} 13. e4 {[%clk 1:22:56]} d4 {[%clk 1:31:27]}
14. Nb1 {[%clk 1:23:23]} Qd6 {[%clk 1:31:03]} 15. Nd2 {[%clk 1:23:29]} Nc6
{[%clk 1:30:45]} 16. a3 {[%clk 1:20:51]} O-O-O {[%clk 1:29:56]} 17. Bh3
{[%clk 1:15:27]} Kb8 {[%clk 1:30:20]} 18. b4 {[%clk 1:10:56]} Qe7
{[%clk 1:30:12]} 19. Qb1 {[%clk 1:07:28]} h5 {[%clk 1:26:08]} 20. Nc4
{[%clk 1:04:41]} b5 {[%clk 1:24:54]} 21. Nd2 {[%clk 1:04:59]} h4 {[%clk 1:24:50]}
22. g4 {[%clk 1:03:17]} Nh7 {[%clk 1:23:22]} 23. Rf2 {[%clk 0:51:02]} Ng5
{[%clk 1:23:22]} 24. Bf1 {[%clk 0:46:36]} h3 {[%clk 1:23:44]} 25. Nb3
{[%clk 0:46:36]} Rh4 {[%clk 1:23:21]} 26. Be2 {[%clk 0:46:55]} Kc8
{[%clk 1:19:36]} 27. Qc1 {[%clk 0:38:57]} f6 {[%clk 1:17:58]} 28. Bd1
{[%clk 0:34:45]} Qd6 {[%clk 1:17:40]} 29. c4 {[%clk 0:22:13]} dxc3
{[%clk 1:18:05]} 30. Qxc3 {[%clk 0:22:39]} Nb8 {[%clk 0:26:13]} 31. Be2
{[%clk 0:16:22]} Nd7 {[%clk 0:25:49]} 32. a4 {[%clk 0:15:39]} Qb6
{[%clk 0:24:54]} 33. axb5 {[%clk 0:14:38]} axb5 {[%clk 0:24:30]} 34. Ra8+
{[%clk 0:13:23]} Nb8 {[%clk 0:24:56]} 35. Nc5 {[%clk 0:13:38]} Rd6
{[%clk 0:24:46]} 36. Bd1 {[%clk 0:12:25]} Kd8 {[%clk 0:24:34]} 37. Qb3
{[%clk 0:08:51]} Rh8 {[%clk 0:25:01]} 38. Rfa2 {[%clk 0:08:04]} Ke7
{[%clk 0:24:35]} 39. R2a7 {[%clk 0:05:46]} Rhd8 {[%clk 0:24:21]} 40. Kf1
{[%clk 0:05:10]} Nxe4 {[%clk 0:23:37]} 41. dxe4 {[%clk 0:04:19]} Rxd1+
{[%clk 0:24:01]} 42. Ke2 {[%clk 0:04:38]} R8d2+ {[%clk 0:24:06]} 43. Kf3
{[%clk 0:04:24]} Qd6 {[%clk 0:22:27]} 44. Qe6+ {[%clk 0:04:28]} Qxe6
{[%clk 0:22:46]} 45. fxe6 {[%clk 0:04:54]} Rd8 {[%clk 0:19:33]} 46. Rxc7+
{[%clk 0:05:12]} Kd6 {[%clk 0:19:57]} 47. Rxg7 {[%clk 0:05:28]} Kc6
{[%clk 0:19:14]} 48. e7 {[%clk 0:04:59]} Re8 {[%clk 0:19:12]} 49. Rf7
{[%clk 0:05:21]} Kd6 {[%clk 0:19:09]} 50. Rxf6+ {[%clk 0:05:32]} Kxe7
{[%clk 0:19:33]} 51. Re6+ {[%clk 0:05:56]} Kf7 {[%clk 0:19:56]} 52. Rxe8
{[%clk 0:06:24]} 1-0

[Event "TICF"]
[Site "FAMALICAO"]
[Date "2023.07.29"]
[Round "8.5"]
[White "AFONSO, Joao Pedro"]
[Black "MORENO, Alejandro"]
[Result "1/2-1/2"]
[BlackElo "2343"]
[WhiteElo "1880"]
[LiveChessVersion "1.4.8"]

1. e4 {[%clk 1:30:48]} c6 {[%clk 1:28:16]} 2. d4 {[%clk 1:31:01]} d5
{[%clk 1:28:14]} 3. exd5 {[%clk 1:31:27]} cxd5 {[%clk 1:27:07]} 4. Bd3
{[%clk 1:31:52]} Nc6 {[%clk 1:25:38]} 5. c3 {[%clk 1:31:22]} Qc7 {[%clk 1:20:30]}
6. h3 {[%clk 1:28:54]} Nf6 {[%clk 1:20:33]} 7. Nf3 {[%clk 1:27:40]} g6
{[%clk 1:20:05]} 8. O-O {[%clk 1:26:10]} Bg7 {[%clk 1:19:19]} 9. Re1
{[%clk 1:20:09]} O-O {[%clk 1:18:51]} 10. Bg5 {[%clk 1:13:00]} Bf5
{[%clk 1:18:06]} 11. Bxf6 {[%clk 1:09:36]} Bxf6 {[%clk 1:17:46]} 12. Bxf5
{[%clk 1:08:51]} gxf5 {[%clk 1:18:14]} 13. Nbd2 {[%clk 1:08:49]} Kh8
{[%clk 1:14:44]} 14. Qe2 {[%clk 1:04:59]} Rg8 {[%clk 1:04:33]} 15. Ne5
{[%clk 0:58:19]} Bxe5 {[%clk 1:00:28]} 16. dxe5 {[%clk 0:58:36]} Rg6
{[%clk 0:48:47]} 17. Nf3 {[%clk 0:54:12]} e6 {[%clk 0:48:29]} 18. Qe3
{[%clk 0:51:58]} b5 {[%clk 0:41:13]} 19. Qf4 {[%clk 0:40:30]} Qb6
{[%clk 0:40:02]} 20. Nd4 {[%clk 0:30:04]} a5 {[%clk 0:30:07]} 21. g3
{[%clk 0:28:13]} Rc8 {[%clk 0:29:29]} 1/2-1/2

[Event "TICF"]
[Site "FAMALICAO"]
[Date "2023.07.29"]
[Round "8.6"]
[White "PEIN, Malcolm"]
[Black "PADEIRO, Jose"]
[Result "1/2-1/2"]
[BlackElo "2125"]
[WhiteElo "2303"]
[LiveChessVersion "1.4.8"]

1. Nf3 d5 2. c4 e6 3. d4 Nf6 4. Nc3 Be7 5. Bf4 O-O 6. e3 b6 7. Rc1 Ba6 8. cxd5
Nxd5 9. Bxa6 Nxa6 10. Nxd5 Qxd5 11. Qa4 Qb7 12. Qc6 Qxc6 13. Rxc6 Rac8 14. a3 Nb8
15. Rc2 c5 16. dxc5 Rxc5 17. Rxc5 Bxc5 18. Ke2 f6 19. Bxb8 Rxb8 20. b4 Bf8 21.
Rc1 a5 22. Nd4 axb4 23. axb4 e5 24. Nc6 Ra8 25. Kd3 Kf7 26. Rc2 b5 27. f4 Ke6 28.
fxe5 fxe5 29. Ke4 Bd6 30. Rd2 Rc8 31. Rc2 Ra8 32. Rd2 Rc8 33. Rc2 Ra8 34. Kd5+
Kxd5 1/2-1/2

[Event "TICF"]
[Site "FAMALICAO"]
[Date "2023.07.29"]
[Round "8.7"]
[White "PEIN, Jonathan"]
[Black "SANTOS, Tomas"]
[Result "1-0"]
[BlackElo "1729"]
[WhiteElo "2276"]
[LiveChessVersion "1.4.8"]

1. c4 Nf6 2. Nc3 g6 3. e4 e5 4. Nf3 Bg7 5. Be2 O-O 6. d4 exd4 7. Nxd4 Nc6 8. Nc2
Re8 9. f3 d6 10. Bg5 h6 11. Be3 Be6 12. Qd2 Kh7 13. O-O Nd7 14. Rad1 f5 15. Kh1
fxe4 16. fxe4 Bg8 17. Rf3 Nde5 18. Rg3 Bxc4 19. Nd5 Bxe2 20. Qxe2 Rf8 21. b4 a6
22. Rc1 Rf7 23. a4 Qf8 24. Bg1 g5 25. Nce3 Ng6 26. Nf5 Re8 27. Qg4 Nce5 28. Qh5
c6 29. Nde3 Nf4 30. Qd1 d5 31. Nxg7 Kxg7 32. Nf5+ Kh7 33. Bc5 Qg8 34. Nd6 Re6 35.
exd5 Nxd5 36. Nxf7 Qxf7 37. Qd2 Rf6 38. Qe2 Ng6 39. Rf3 Ngf4 40. Qe4+ Kg8 41.
Rcf1 Re6 42. Qd4 Qh5 43. g3 Re2 44. R3f2 Ne6 45. Rf8+ Nxf8 46. Rxf8+ Kh7 47. Qh8+
Kg6 48. Qg8# 1-0

[Event "TICF"]
[Site "FAMALICAO"]
[Date "2023.07.29"]
[Round "8.8"]
[White "COSTA, Paulo"]
[Black "RIBEIRO, Rodrigo"]
[Result "1/2-1/2"]
[BlackElo "1903"]
[WhiteElo "2037"]
[LiveChessVersion "1.4.8"]

1. Nf3 {[%clk 1:30:21]} d5 {[%clk 1:30:52]} 2. d4 {[%clk 1:30:39]} Nf6
{[%clk 1:31:14]} 3. Bf4 {[%clk 1:29:53]} c5 {[%clk 1:30:47]} 4. e3
{[%clk 1:30:08]} e6 {[%clk 1:23:42]} 5. Nbd2 {[%clk 1:26:41]} Nc6
{[%clk 1:22:29]} 6. c3 {[%clk 1:26:57]} cxd4 {[%clk 1:19:04]} 7. exd4
{[%clk 1:26:46]} Bd6 {[%clk 1:18:49]} 8. Bg3 {[%clk 1:17:41]} O-O
{[%clk 1:16:37]} 9. Bd3 {[%clk 1:16:33]} Qe7 {[%clk 1:12:34]} 10. Ne5
{[%clk 1:14:13]} Nd7 {[%clk 1:08:03]} 11. Qe2 {[%clk 0:53:13]} Re8
{[%clk 0:32:46]} 12. h4 {[%clk 0:39:26]} Nf8 {[%clk 0:31:55]} 13. h5
{[%clk 0:32:47]} Qc7 {[%clk 0:19:01]} 14. h6 {[%clk 0:29:21]} g6 {[%clk 0:19:21]}
15. Ng4 {[%clk 0:27:21]} Nd7 {[%clk 0:18:40]} 16. Bxd6 {[%clk 0:23:53]} Qxd6
{[%clk 0:18:29]} 17. Nf3 {[%clk 0:23:33]} e5 {[%clk 0:13:38]} 18. dxe5
{[%clk 0:21:49]} 1/2-1/2

[Event "TICF"]
[Site "FAMALICAO"]
[Date "2023.07.29"]
[Round "8.9"]
[White "ROMANO, Joao"]
[Black "GONCALVES, Samuel"]
[Result "1/2-1/2"]
[BlackElo "2033"]
[WhiteElo "2027"]
[LiveChessVersion "1.4.8"]

1. c4 g6 2. Nc3 c5 3. Nf3 Bg7 4. e3 Nf6 5. d4 cxd4 6. exd4 d5 7. cxd5 Nxd5 8. Bc4
Nxc3 9. bxc3 Qc7 10. Qb3 O-O 11. O-O Nc6 12. Be2 Be6 13. Qa3 Rac8 14. Re1 Na5 15.
Bd2 a6 16. Rac1 Rfe8 17. Bg5 Bd5 18. Nd2 h6 19. Bh4 b5 20. Bg3 Qb6 21. Qb4 Nc6
22. Qb1 Qd8 23. a4 e5 24. axb5 axb5 25. Bxb5 exd4 26. Rxe8+ 1/2-1/2

[Event "TICF"]
[Site "FAMALICAO"]
[Date "2023.07.29"]
[Round "8.10"]
[White "GONCALVES, Lucas"]
[Black "MONTEIRO, Paulo"]
[Result "1-0"]
[BlackElo "2090"]
[WhiteElo "1870"]
[LiveChessVersion "1.4.8"]

1. e4 {[%clk 1:30:49]} e6 {[%clk 1:30:46]} 2. d4 {[%clk 1:31:14]} d5
{[%clk 1:31:11]} 3. Nd2 {[%clk 1:31:40]} Nf6 {[%clk 1:31:19]} 4. e5
{[%clk 1:32:04]} Nfd7 {[%clk 1:31:42]} 5. c3 {[%clk 1:32:28]} c5 {[%clk 1:31:47]}
6. Bd3 {[%clk 1:30:36]} Nc6 {[%clk 1:32:05]} 7. Ne2 {[%clk 1:30:58]} cxd4
{[%clk 1:32:21]} 8. cxd4 {[%clk 1:31:15]} f6 {[%clk 1:32:44]} 9. exf6
{[%clk 1:24:09]} Qxf6 {[%clk 1:33:03]} 10. Nf3 {[%clk 1:24:34]} h6
{[%clk 1:33:25]} 11. O-O {[%clk 1:23:09]} Bd6 {[%clk 1:33:46]} 12. Be3
{[%clk 1:20:36]} O-O {[%clk 1:33:45]} 13. Rc1 {[%clk 1:20:32]} Rd8
{[%clk 1:33:40]} 14. Bb1 {[%clk 1:20:52]} Nf8 {[%clk 1:32:52]} 15. Ng3
{[%clk 1:21:03]} Bd7 {[%clk 1:25:56]} 16. a3 {[%clk 1:18:27]} Be8
{[%clk 1:24:13]} 17. Qd2 {[%clk 1:17:27]} Bg6 {[%clk 1:16:57]} 18. Bxg6
{[%clk 1:05:43]} Nxg6 {[%clk 1:16:50]} 19. Rfe1 {[%clk 0:52:12]} Rd7
{[%clk 0:48:42]} 20. Rc3 {[%clk 0:47:25]} Rf8 {[%clk 0:41:57]} 21. b4
{[%clk 0:37:46]} a6 {[%clk 0:31:06]} 22. Rd3 {[%clk 0:34:13]} Kh7
{[%clk 0:19:20]} 23. Rd1 {[%clk 0:30:59]} Rdf7 {[%clk 0:18:44]} 24. Re1
{[%clk 0:24:28]} Qe7 {[%clk 0:18:02]} 25. Rb3 {[%clk 0:16:51]} Rxf3
{[%clk 0:17:04]} 26. gxf3 {[%clk 0:17:02]} Nh4 {[%clk 0:16:53]} 27. Qd3+
{[%clk 0:09:07]} Kg8 {[%clk 0:16:31]} 28. Rd1 {[%clk 0:07:24]} Nxf3+
{[%clk 0:08:30]} 29. Kf1 {[%clk 0:07:49]} Qh4 {[%clk 0:05:42]} 30. Qg6
{[%clk 0:04:17]} Ncxd4 {[%clk 0:04:05]} 31. Rxd4 {[%clk 0:02:35]} Nxd4
{[%clk 0:04:20]} 32. Bxd4 {[%clk 0:02:16]} Qxd4 {[%clk 0:04:41]} 33. Qxe6+
{[%clk 0:02:43]} Kh8 {[%clk 0:04:46]} 34. Re3 {[%clk 0:02:28]} Bxg3
{[%clk 0:02:16]} 35. hxg3 {[%clk 0:02:53]} Qd1+ {[%clk 0:02:10]} 36. Kg2
{[%clk 0:03:16]} d4 {[%clk 0:00:53]} 37. Qe7 {[%clk 0:02:04]} Kg8
{[%clk 0:00:37]} 38. Qe6+ {[%clk 0:02:10]} Kh8 {[%clk 0:00:42]} 39. Qe7
{[%clk 0:02:35]} Rxf2+ {[%clk 0:00:40]} 40. Kxf2 {[%clk 0:02:59]} dxe3+
{[%clk 0:01:03]} 41. Qxe3 {[%clk 0:03:28]} Qc2+ {[%clk 0:01:23]} 42. Kg1
{[%clk 0:03:43]} Kh7 {[%clk 0:01:46]} 43. Qb6 {[%clk 0:02:40]} Qe4
{[%clk 0:02:02]} 44. a4 {[%clk 0:02:06]} Qf3 {[%clk 0:01:33]} 45. Kh2
{[%clk 0:02:25]} h5 {[%clk 0:00:56]} 46. a5 {[%clk 0:02:42]} Qe2+
{[%clk 0:00:50]} 47. Kg1 {[%clk 0:02:37]} Qg4 {[%clk 0:00:37]} 48. Qxb7
{[%clk 0:00:33]} Qxg3+ {[%clk 0:00:57]} 49. Kh1 {[%clk 0:00:54]} Qe1+
{[%clk 0:01:02]} 50. Kh2 {[%clk 0:00:38]} Qe2+ {[%clk 0:01:19]} 51. Kh3
{[%clk 0:00:42]} Kh6 {[%clk 0:00:40]} 52. b5 {[%clk 0:01:02]} Qe3+
{[%clk 0:00:38]} 53. Kh2 {[%clk 0:01:15]} h4 {[%clk 0:00:33]} 54. Qb6+
{[%clk 0:01:44]} 1-0

[Event "TICF"]
[Site "FAMALICAO"]
[Date "2023.07.29"]
[Round "8.11"]
[White "ERMIDA, Ricardo"]
[Black "RIBEIRO, Gustavo"]
[Result "0-1"]
[BlackElo "1876"]
[WhiteElo "1645"]
[LiveChessVersion "1.4.8"]

1. Nf3 {[%clk 1:30:52]} c5 {[%clk 1:30:47]} 2. g3 {[%clk 1:30:56]} Nf6
{[%clk 1:31:10]} 3. Bg2 {[%clk 1:31:18]} Nc6 {[%clk 1:31:36]} 4. d4
{[%clk 1:30:39]} cxd4 {[%clk 1:31:59]} 5. Nxd4 {[%clk 1:31:02]} g6
{[%clk 1:32:26]} 6. O-O {[%clk 1:30:27]} Bg7 {[%clk 1:32:52]} 7. Nxc6
{[%clk 1:26:56]} bxc6 {[%clk 1:33:04]} 8. c4 {[%clk 1:26:54]} O-O
{[%clk 1:32:23]} 9. Nc3 {[%clk 1:26:44]} Rb8 {[%clk 1:31:12]} 10. Qc2
{[%clk 1:20:44]} Qc7 {[%clk 1:26:58]} 11. Bg5 {[%clk 1:11:03]} h6
{[%clk 1:19:42]} 12. Bxf6 {[%clk 1:09:01]} Bxf6 {[%clk 1:17:01]} 13. Rac1
{[%clk 1:08:52]} d6 {[%clk 1:15:02]} 14. b3 {[%clk 1:06:35]} Bd7 {[%clk 1:12:56]}
15. Ne4 {[%clk 1:04:29]} Bg7 {[%clk 1:13:19]} 16. Nd2 {[%clk 1:04:53]} a5
{[%clk 1:10:35]} 17. a3 {[%clk 1:03:41]} c5 {[%clk 1:07:48]} 18. a4
{[%clk 1:01:27]} Bc6 {[%clk 1:06:24]} 19. Bxc6 {[%clk 0:53:48]} Qxc6
{[%clk 1:06:27]} 20. Ne4 {[%clk 0:49:51]} Rb4 {[%clk 1:06:15]} 21. Nc3
{[%clk 0:49:43]} Bxc3 {[%clk 1:06:12]} 22. Qxc3 {[%clk 0:50:07]} Rfb8
{[%clk 1:06:34]} 23. Rb1 {[%clk 0:49:48]} Qb7 {[%clk 1:06:00]} 24. Qe3
{[%clk 0:35:25]} Rxb3 {[%clk 0:59:26]} 25. Rxb3 {[%clk 0:35:38]} Qxb3
{[%clk 0:59:46]} 26. Qxe7 {[%clk 0:35:29]} Qxc4 {[%clk 0:59:00]} 27. Qxd6
{[%clk 0:35:39]} Re8 {[%clk 0:55:17]} 28. Qd7 {[%clk 0:26:41]} Rxe2
{[%clk 0:54:47]} 29. Qd8+ {[%clk 0:26:51]} Kg7 {[%clk 0:52:19]} 30. Qxa5
{[%clk 0:25:22]} Ra2 {[%clk 0:52:45]} 31. Qb5 {[%clk 0:23:40]} Rxa4
{[%clk 0:50:00]} 32. Qxc4 {[%clk 0:19:59]} Rxc4 {[%clk 0:50:25]} 33. Rd1
{[%clk 0:19:31]} Rd4 {[%clk 0:50:21]} 34. Rc1 {[%clk 0:19:25]} c4
{[%clk 0:50:41]} 35. Kg2 {[%clk 0:16:56]} Kf6 {[%clk 0:49:22]} 36. Kf3
{[%clk 0:12:30]} Ke5 {[%clk 0:49:13]} 37. Re1+ {[%clk 0:11:46]} Kd5
{[%clk 0:43:57]} 38. Re8 {[%clk 0:10:32]} c3 {[%clk 0:43:45]} 39. Ke3
{[%clk 0:08:21]} Rc4 {[%clk 0:43:28]} 40. Rd8+ {[%clk 0:06:37]} Ke5
{[%clk 0:41:25]} 41. Rd1 {[%clk 0:06:22]} Re4+ {[%clk 0:41:13]} 42. Kf3
{[%clk 0:06:35]} f5 {[%clk 0:41:35]} 43. Rd8 {[%clk 0:04:42]} Rc4
{[%clk 0:41:51]} 44. Re8+ {[%clk 0:03:30]} Kd4 {[%clk 0:41:36]} 45. Rd8+
{[%clk 0:03:43]} Kc5 {[%clk 0:42:01]} 46. Ke3 {[%clk 0:02:58]} c2
{[%clk 0:42:20]} 47. Rc8+ {[%clk 0:03:16]} Kd5 {[%clk 0:42:43]} 48. Rxc4
{[%clk 0:03:19]} Kxc4 {[%clk 0:43:08]} 49. Kd2 {[%clk 0:03:35]} Kb3
{[%clk 0:43:22]} 50. Kc1 {[%clk 0:03:55]} g5 {[%clk 0:43:49]} 51. h4
{[%clk 0:02:01]} g4 {[%clk 0:44:06]} 52. h5 {[%clk 0:02:17]} Kc3 {[%clk 0:44:32]}
0-1

[Event "TICF"]
[Site "FAMALICAO"]
[Date "2023.07.29"]
[Round "8.12"]
[White "CRUZ, Francisco"]
[Black "MELO, David"]
[Result "1/2-1/2"]
[BlackElo "1634"]
[WhiteElo "1853"]
[LiveChessVersion "1.4.8"]

1. d4 Nf6 2. Bg5 Ne4 3. Bf4 Nf6 4. Nf3 c5 5. e3 cxd4 6. exd4 e6 7. c3 Be7 8. Bd3
O-O 9. O-O d6 10. Nbd2 b6 11. h3 Bb7 12. Qe2 Nbd7 13. c4 Bxf3 14. Nxf3 d5 15. b3
Re8 16. Rfd1 Nf8 17. Ne5 Bd6 18. Bg5 Be7 19. Nc6 Qd6 20. Nxe7+ Qxe7 21. Qf3 Rad8
22. Rac1 h6 23. Bh4 g5 24. Bg3 dxc4 25. Bxc4 Rc8 26. d5 exd5 27. Bxd5 Nxd5 28.
Qxd5 Ne6 29. Rxc8 Rxc8 30. Qd7 Qd8 31. Be5 b5 32. Kf1 Qxd7 33. Rxd7 Rc1+ 34. Ke2
Rc2+ 35. Rd2 Rc6 1/2-1/2

[Event "TICF"]
[Site "FAMALICAO"]
[Date "2023.07.29"]
[Round "8.13"]
[White "SANTOS, Jose Miguel"]
[Black "VIKRAM, Anishka"]
[Result "0-1"]
[BlackElo "1675"]
[WhiteElo "1843"]
[LiveChessVersion "1.4.8"]

1. e4 {[%clk 1:30:58]} c5 {[%clk 1:30:38]} 2. Nf3 {[%clk 1:31:10]} d6
{[%clk 1:31:01]} 3. Nc3 {[%clk 1:31:33]} Nf6 {[%clk 1:30:52]} 4. d4
{[%clk 1:31:52]} cxd4 {[%clk 1:31:15]} 5. Nxd4 {[%clk 1:32:18]} g6
{[%clk 1:31:26]} 6. Be3 {[%clk 1:32:42]} Bg7 {[%clk 1:31:47]} 7. f3
{[%clk 1:33:05]} O-O {[%clk 1:32:10]} 8. Qd2 {[%clk 1:33:27]} Nc6
{[%clk 1:32:35]} 9. Bc4 {[%clk 1:32:47]} Bd7 {[%clk 1:32:50]} 10. O-O-O
{[%clk 1:30:58]} Rc8 {[%clk 1:33:08]} 11. Bb3 {[%clk 1:27:54]} Nxd4
{[%clk 1:32:53]} 12. Bxd4 {[%clk 1:28:18]} b5 {[%clk 1:33:10]} 13. g4
{[%clk 1:28:19]} a5 {[%clk 1:33:04]} 14. a4 {[%clk 1:25:01]} bxa4
{[%clk 1:32:34]} 15. Nxa4 {[%clk 1:24:14]} Bxa4 {[%clk 1:32:50]} 16. Bxa4
{[%clk 1:24:24]} Rc4 {[%clk 1:33:10]} 17. Bxf6 {[%clk 1:23:47]} Bxf6
{[%clk 1:24:02]} 18. b3 {[%clk 1:21:44]} Qb6 {[%clk 1:20:23]} 19. Rdf1
{[%clk 0:56:14]} Rd4 {[%clk 1:12:38]} 20. Qe2 {[%clk 0:32:57]} Qb4
{[%clk 1:08:24]} 21. Kb1 {[%clk 0:29:55]} Qc3 {[%clk 1:08:11]} 0-1